Obra selecta : (Record no. 170663)
[ view plain ]
| 000 -LEADER | |
|---|---|
| campo de control de longitud fija | 00980nam a2200229 i 4500 |
| 001 - NÚMERO DE CONTROL | |
| campo de control | 170663 |
| 003 - IDENTIFICADOR DE NÚMERO DE CONTROL | |
| campo de control | ES-MaACL |
| 005 - FECHA Y HORA DE LA ÚLTIMA TRANSACCIÓN | |
| campo de control | 20250823063125.0 |
| 008 - DATOS DE LONGITUD FIJA--INFORMACIÓN GENERAL | |
| campo de control de longitud fija | 090327s1952 sp |||| | spa d |
| 100 0# - ENTRADA PRINCIPAL--NOMBRE DE PERSONA | |
| Nombre de persona | Luis de Granada, |
| Títulos y otros términos asociados al nombre | (O.P.), |
| Fechas asociadas al nombre | 1504-1588 |
| 9 (RLIN) | 74687 |
| 245 10 - MENCIÓN DEL TÍTULO | |
| Título | Obra selecta : |
| Resto del título | los textos capitales del Padre Granada seleccionados por el orden mismo de la Suma Teológica de Santo Tomás de Aquino / |
| Mención de responsabilidad, etc. | por Antonio Trancho ; introducción de Desiderio Díez de Triana ; prólogo de Francisco Barbado Viejo. |
| 250 ## - MENCION DE EDICION | |
| Mención de edición | 1ª ed., reimp. |
| 260 ## - PUBLICACIÓN, DISTRIBUCIÓN, ETC. | |
| Lugar de publicación, distribución, etc. | Madrid : |
| Nombre del editor, distribuidor, etc. | Editorial Católica, |
| Fecha de publicación, distribución, etc. | 1952. |
| 300 ## - DESCRIPCIÓN FÍSICA | |
| Extensión | 1162 p. ; |
| Dimensiones | 20 cm. |
| 490 1# - MENCIÓN DE SERIE | |
| Mención de serie | Biblioteca de autores cristianos ; |
| Designación de volumen o secuencia | 20 |
| 700 1# - ENTRADA AGREGADA--NOMBRE PERSONAL | |
| Nombre de persona | Trancho, Antonio. |
| 9 (RLIN) | 139679 |
| 700 1# - ENTRADA AGREGADA--NOMBRE PERSONAL | |
| Nombre de persona | Díez de Triana, Desiderio. |
| 9 (RLIN) | 139677 |
| 700 1# - ENTRADA AGREGADA--NOMBRE PERSONAL | |
| Nombre de persona | Barbado Viejo, Francisco, |
| Títulos y otros términos asociados al nombre | Obispo de Salamanca. |
| 9 (RLIN) | 139678 |
| 830 10 - PUNTO DE ACCESO ADICIONAL DE SERIE-TÍTULO UNIFORME | |
| Título uniforme | Biblioteca de autores cristianos |
| Designación de volumen o secuencia | 20 |
| 9 (RLIN) | 178679 |
| 852 ## - LOCALIZACIÓN | |
| Ubicación | ES-MaACL |
| Número de control de estantería | J-21 |
| Estatus retirado | Estado de pérdida | Estado de daño | No para préstamo | Biblioteca de origen | Biblioteca actual | Ubicación en estantería | Fecha de adquisición | Fuente de adquisición | Total de préstamos | Signatura topográfica completa | Código de barras | Visto por última vez | Precio de reemplazo | Tipo de ítem Koha |
|---|---|---|---|---|---|---|---|---|---|---|---|---|---|---|
| Biblioteca del Ateneo de Madrid | Biblioteca del Ateneo de Madrid | Depósito 2 | 27/03/2009 | J-21 | 1179101 | 23/02/2023 | 23/02/2023 | Libro impreso |
